El jardín de los dioses /
Збережено в:
| Автор: | |
|---|---|
| Формат: | Книга |
| Мова: | Spanish |
| Опубліковано: |
San José, C.R. :
PROMESA,
2006
|
| Серія: | Poesía ;
53 |
| Предмети: | |
| Теги: |
Додати тег
Немає тегів, Будьте першим, хто поставить тег для цього запису!
|
MARC
| LEADER | 00000cam a2200000Ia 4500 | ||
|---|---|---|---|
| 001 | 6863761 | ||
| 005 | 20141205061812.0 | ||
| 008 | 080811s2006 gt 000 p spa d | ||
| 020 | |a 9789968411257 | ||
| 020 | |a 9968411256 | ||
| 040 | |a PIT |c PIT |d CRU CIICLA | ||
| 082 | |a G861.4 |b G643j | ||
| 100 | 1 | |a González Villanueva, Gustavo. | |
| 245 | 1 | 2 | |a El jardín de los dioses / |c Gustavo González Villanueva ; prólogo de Jorge Mario Cabrera Valverde |
| 260 | |a San José, C.R. : |b PROMESA, |c 2006 | ||
| 300 | |a 36 páginas | ||
| 490 | 1 | |a Poesía ; |v 53 | |
| 650 | 1 | 4 | |a LITERATURA GUATEMALTECA |v POESIA |
| 942 | |2 ddc |c BK | ||
| 999 | |c 3632 |d 3632 | ||



